[Event "18th HZ Open 2014"]
[Site "Vlissingen NED"]
[Date "2014.08.05"]
[Round "5.31"]
[White "Bezemer, A."]
[Black "Kampman, T."]
[Result "1-0"]
[WhiteElo "2287"]
[BlackElo "2090"]
[PlyCount "97"]
[EventDate "2014.08.02"]
[EventType "swiss"]
[EventRounds "9"]
[EventCountry "NED"]
[Source "Mark Crowther"]
[SourceDate "2014.08.11"]

1. d4 g6 2. e4 Bg7 3. Nc3 d6 4. Be3 Nf6 5. Qd2 h6 6. h3 c6 7. a4 a5 8. Nf3 Na6
9. Be2 Nb4 10. O-O Qc7 11. Rfe1 g5 12. Nh2 Bd7 13. Bf3 O-O 14. Ne2 d5 15. e5
Ne4 16. Qd1 f6 17. c3 Na6 18. Nc1 f5 19. Nd3 b6 20. Nf1 c5 21. Be2 c4 22. Nc1
f4 23. f3 fxe3 24. fxe4 dxe4 25. Nxe3 Be6 26. Bg4 Qc8 27. Bxe6+ Qxe6 28. Qg4
Qxg4 29. hxg4 e6 30. Ne2 Rac8 31. Rf1 Nc7 32. Nxc4 Nd5 33. Nd6 Rxf1+ 34. Rxf1
Rf8 35. Rxf8+ Kxf8 36. Kf2 e3+ 37. Kf3 Ke7 38. Nc4 Kd7 39. Nxe3 Nc7 40. Ke4 Bf8
41. c4 Bb4 42. d5 Bd2 43. Nf1 Bb4 44. Nc1 Bc5 45. Nd3 Bg1 46. Ng3 Bh2 47. Ne2
Na6 48. g3 Nc7 49. d6 1-0

[Event "18th HZ Open 2014"]
[Site "Vlissingen NED"]
[Date "2014.08.05"]
[Round "5.32"]
[White "Zwirs, Nico"]
[Black "Hekhuis, J."]
[Result "1-0"]
[WhiteElo "2284"]
[BlackElo "2066"]
[PlyCount "151"]
[EventDate "2014.08.02"]
[EventType "swiss"]
[EventRounds "9"]
[EventCountry "NED"]
[Source "Mark Crowther"]
[SourceDate "2014.08.11"]

1. e4 c5 2. Nf3 g6 3. c3 Bg7 4. d4 cxd4 5. cxd4 d6 6. Nc3 Nf6 7. Bb5+ Nfd7 8.
Bf4 O-O 9. Qe2 Nc6 10. d5 Nd4 11. Nxd4 Bxd4 12. h4 Qa5 13. Bd2 a6 14. Bd3 Bg7
15. h5 Ne5 16. Qe3 Qc5 17. Be2 Qxe3 18. Bxe3 b5 19. Rc1 Bd7 20. b3 Rfc8 21. Kd2
Ng4 22. Bxg4 Bxg4 23. hxg6 hxg6 24. Ne2 Bxe2 25. Kxe2 Bb2 26. Rb1 Bg7 27. Rhc1
Kf8 28. a4 Ke8 29. Rc6 Bc3 30. Rb6 Ba5 31. Rb7 Rcb8 32. Rh1 Rxb7 33. Rh8+ Kd7
34. Rxa8 bxa4 35. bxa4 Rb2+ 36. Kd3 Rb3+ 37. Ke2 Rb2+ 38. Kd3 Rb3+ 39. Kc2 Rb4
40. Rxa6 Rxa4 41. Kb3 Ra1 42. Ra7+ Ke8 43. Kb2 Ra4 44. g4 f6 45. g5 fxg5 46.
Kb3 Ra1 47. Bxg5 Rg1 48. Rxe7+ Kf8 49. Bf6 Bd8 50. Re6 Bxf6 51. Rxf6+ Ke7 52.
Re6+ Kd7 53. Kc4 Rg2 54. Rf6 Ke7 55. Rf3 g5 56. Kd4 g4 57. Rf4 g3 58. f3 Ra2
59. Rg4 g2 60. f4 Kf6 61. Ke3 Ra3+ 62. Kf2 Ra2+ 63. Kf3 Ra3+ 64. Kf2 Ra2+ 65.
Kf3 Ra3+ 66. Kxg2 Re3 67. f5 Ke5 68. Kf2 Ra3 69. Rg3 Ra2+ 70. Kf3 Ra4 71. Rg8
Ra3+ 72. Kg4 Kxe4 73. f6 Ra7 74. Rg5 Ra1 75. Kh5 Ra8 76. f7 1-0

[Event "18th HZ Open 2014"]
[Site "Vlissingen NED"]
[Date "2014.08.05"]
[Round "5.33"]
[White "Mostertman, M."]
[Black "Van de Wynkele, E."]
[Result "1-0"]
[WhiteElo "2284"]
[BlackElo "2024"]
[PlyCount "41"]
[EventDate "2014.08.02"]
[EventType "swiss"]
[EventRounds "9"]
[EventCountry "NED"]
[Source "Mark Crowther"]
[SourceDate "2014.08.11"]

1. e4 d5 2. exd5 Qxd5 3. Nc3 Qd6 4. d4 Nf6 5. Nf3 c6 6. Ne5 Bf5 7. g4 Bg6 8.
Bg2 Nfd7 9. Bf4 Nxe5 10. Bxe5 Qd7 11. d5 c5 12. Qe2 f6 13. Bg3 h5 14. O-O-O Na6
15. Rhe1 Nb4 16. d6 e5 17. Bxe5 O-O-O 18. Bf4 Nxc2 19. Qc4 Nxe1 20. Qxc5+ Kb8
21. Qc7+ 1-0

[Event "18th HZ Open 2014"]
[Site "Vlissingen NED"]
[Date "2014.08.05"]
[Round "5.34"]
[White "Koelewijn, Alex"]
[Black "Dardha, A."]
[Result "0-1"]
[WhiteElo "2065"]
[BlackElo "2272"]
[PlyCount "86"]
[EventDate "2014.08.02"]
[EventType "swiss"]
[EventRounds "9"]
[EventCountry "NED"]
[Source "Mark Crowther"]
[SourceDate "2014.08.11"]

1. d4 Nf6 2. c4 e6 3. Nc3 Bb4 4. e3 O-O 5. Nge2 d5 6. a3 Be7 7. Ng3 Nbd7 8. Qc2
b6 9. cxd5 Nxd5 10. Nxd5 exd5 11. Qc6 Rb8 12. Qxd5 Bb7 13. Qc4 c5 14. Nf5 Bf6
15. f3 cxd4 16. exd4 Bh4+ 17. Nxh4 Qxh4+ 18. g3 Qh5 19. Be2 Bxf3 20. Kf2 Bxe2
21. Qxe2 Qh3 22. Qf1 Qg4 23. Qd3 Nf6 24. h3 Qh5 25. Qf3 Qb5 26. Re1 Qd7 27. Kg2
Qxd4 28. Rd1 Qe5 29. Rb1 Rbc8 30. Be3 Rfe8 31. Bd4 Rc2+ 32. Kg1 Qe2 33. Qxe2
Rexe2 34. Bxf6 gxf6 35. Rd7 a5 36. b4 axb4 37. axb4 Rg2+ 38. Kf1 Rh2 39. Kg1
Rcg2+ 40. Kf1 Rxg3 41. Re1 Rh1+ 42. Kf2 Rxe1 43. Kxe1 Rb3 0-1

[Event "18th HZ Open 2014"]
[Site "Vlissingen NED"]
[Date "2014.08.05"]
[Round "5.35"]
[White "Schippers, Maurice"]
[Black "Bodicker, R."]
[Result "1-0"]
[WhiteElo "2267"]
[BlackElo "1999"]
[PlyCount "77"]
[EventDate "2014.08.02"]
[EventType "swiss"]
[EventRounds "9"]
[EventCountry "NED"]
[Source "Mark Crowther"]
[SourceDate "2014.08.11"]

1. e4 d5 2. exd5 Qxd5 3. Nc3 Qd6 4. Nf3 Nf6 5. d4 c6 6. Ne5 Nbd7 7. f4 Nb6 8.
g4 g6 9. Bg2 Bg7 10. O-O Nbd5 11. Nxd5 Nxd5 12. c4 Nf6 13. h3 Nd7 14. Be3 O-O
15. Qc2 Qc7 16. Rad1 c5 17. Nf3 cxd4 18. Nxd4 a6 19. Nb3 Nf6 20. Bd4 Ne8 21.
Qc3 Rb8 22. c5 Bd7 23. Na5 Bb5 24. Rfe1 Bxd4+ 25. Rxd4 Ng7 26. a4 Bc6 27. Nxc6
bxc6 28. Rde4 e6 29. Rd4 Rfd8 30. Red1 h5 31. Qd2 Rxd4 32. Qxd4 Qb7 33. Qe5 Rf8
34. Rd3 hxg4 35. hxg4 f6 36. Qc3 a5 37. Rd6 Qa6 38. Rxc6 Qe2 39. Bf3 1-0

[Event "18th HZ Open 2014"]
[Site "Vlissingen NED"]
[Date "2014.08.05"]
[Round "5.36"]
[White "Voege, Tobias"]
[Black "Kartsev, So"]
[Result "1-0"]
[WhiteElo "1990"]
[BlackElo "2264"]
[PlyCount "119"]
[EventDate "2014.08.02"]
[EventType "swiss"]
[EventRounds "9"]
[EventCountry "NED"]
[Source "Mark Crowther"]
[SourceDate "2014.08.11"]

1. d4 Nf6 2. c4 e6 3. Nc3 Bb4 4. Nf3 O-O 5. Bg5 c5 6. e3 d6 7. Qc2 Nbd7 8. Bd3
b6 9. Bxh7+ Kh8 10. Bd3 Bb7 11. a3 Bxc3+ 12. bxc3 e5 13. d5 Qe8 14. Bf5 e4 15.
Nd2 Qe5 16. Bxf6 Qxf5 17. Be7 Ne5 18. O-O Rfe8 19. Bxd6 Ng4 20. Bf4 g5 21. f3
Nf6 22. fxe4 Qg6 23. Bg3 Kg8 24. Rxf6 Qxf6 25. e5 Rxe5 26. Rf1 Qg7 27. Bxe5
Qxe5 28. e4 Re8 29. Qd3 Bc8 30. Qf3 Re7 31. Qf6 Bd7 32. h3 Qxf6 33. Rxf6 Kg7
34. Rf3 f6 35. Kf2 Bc8 36. g4 Kf7 37. Kg3 Kg6 38. Re3 Bd7 39. Re1 Kf7 40. Ra1
Bc8 41. a4 a5 42. Rb1 Rb7 43. e5 fxe5 44. Ne4 Ke7 45. Nxg5 Bd7 46. Ne4 Bxa4 47.
d6+ Ke8 48. Nxc5 Bc2 49. Rb2 Rb8 50. Na6 Rc8 51. Rxc2 Rxc4 52. Nc7+ Kd8 53. g5
Rc6 54. Nb5 Kd7 55. h4 a4 56. h5 a3 57. h6 Ke6 58. Nc7+ Kf7 59. h7 Kg7 60. d7
1-0

[Event "18th HZ Open 2014"]
[Site "Vlissingen NED"]
[Date "2014.08.05"]
[Round "5.37"]
[White "Beeke, B."]
[Black "Hoogland, M."]
[Result "0-1"]
[WhiteElo "2243"]
[BlackElo "2020"]
[PlyCount "66"]
[EventDate "2014.08.02"]
[EventType "swiss"]
[EventRounds "9"]
[EventCountry "NED"]
[Source "Mark Crowther"]
[SourceDate "2014.08.11"]

1. c4 c5 2. Nf3 Nc6 3. Nc3 g6 4. e3 Bg7 5. d4 cxd4 6. exd4 d6 7. h3 e6 8. Be2
Nge7 9. O-O O-O 10. d5 Ne5 11. Nd4 exd5 12. cxd5 Nf5 13. Nxf5 Bxf5 14. Be3 Re8
15. Rc1 a6 16. a4 Rc8 17. Bd4 Qh4 18. g4 Nd3 19. Bxd3 Bxd4 20. Bxf5 Qg3+ 21.
Kh1 Qxh3+ 22. Kg1 Be5 23. f4 gxf5 24. fxe5 Rc4 25. Ne2 Rxg4+ 26. Kf2 Rg2+ 27.
Ke1 Rxe5 28. Rc3 Qh4+ 29. Kd2 Qg5+ 30. Ke1 Qh4+ 31. Kd2 Rxd5+ 32. Rd3 Qb4+ 33.
Kc1 Qc4+ 0-1

[Event "18th HZ Open 2014"]
[Site "Vlissingen NED"]
[Date "2014.08.05"]
[Round "5.38"]
[White "Michalczak, T."]
[Black "Schouten, Jordy"]
[Result "1/2-1/2"]
[WhiteElo "2230"]
[BlackElo "1984"]
[PlyCount "64"]
[EventDate "2014.08.02"]
[EventType "swiss"]
[EventRounds "9"]
[EventCountry "NED"]
[Source "Mark Crowther"]
[SourceDate "2014.08.11"]

1. e4 c5 2. Nf3 Nc6 3. d4 cxd4 4. Nxd4 e5 5. Nb5 a6 6. Nd6+ Bxd6 7. Qxd6 Qe7 8.
Qxe7+ Ngxe7 9. Nc3 d5 10. Bd2 Be6 11. exd5 Nxd5 12. Nxd5 Bxd5 13. O-O-O Rd8 14.
f3 O-O 15. b3 Rfe8 16. Bd3 e4 17. fxe4 Bxe4 18. Bxe4 Rxe4 19. Rhe1 Rde8 20.
Rxe4 Rxe4 21. Bc3 f6 22. Kd2 Re7 23. Rf1 Kf7 24. Kd3 Ne5+ 25. Kd2 Nc6 26. Rf2
Ne5 27. h3 Rd7+ 28. Kc1 Ke6 29. Kb2 h5 30. Re2 Kf5 31. Rf2+ Ke4 32. Bd2 g5
1/2-1/2

[Event "18th HZ Open 2014"]
[Site "Vlissingen NED"]
[Date "2014.08.05"]
[Round "5.40"]
[White "Verbruggen, S."]
[Black "Ratsma, Midas"]
[Result "0-1"]
[WhiteElo "1921"]
[BlackElo "2171"]
[PlyCount "40"]
[EventDate "2014.08.02"]
[EventType "swiss"]
[EventRounds "9"]
[EventCountry "NED"]
[Source "Mark Crowther"]
[SourceDate "2014.08.11"]

1. e4 e6 2. d4 d5 3. Nc3 Bb4 4. e5 c5 5. a3 Bxc3+ 6. bxc3 Qc7 7. Qg4 Ne7 8.
Qxg7 Rg8 9. Qxh7 cxd4 10. Ne2 dxc3 11. f4 Nbc6 12. Rb1 d4 13. g3 Bd7 14. Qd3
O-O-O 15. h4 Nf5 16. Bg2 Na5 17. Bf3 Bc6 18. g4 Ne3 19. Nxc3 Bxf3 20. Nb5 Qxc2
0-1

[Event "18th HZ Open 2014"]
[Site "Vlissingen NED"]
[Date "2014.08.05"]
[Round "5.42"]
[White "Lambregts, Frank"]
[Black "Boelhouwer, Collin"]
[Result "0-1"]
[WhiteElo "1911"]
[BlackElo "2148"]
[PlyCount "50"]
[EventDate "2014.08.02"]
[EventType "swiss"]
[EventRounds "9"]
[EventCountry "NED"]
[Source "Mark Crowther"]
[SourceDate "2014.08.11"]

1. e4 c5 2. Nf3 d6 3. Bb5+ Bd7 4. Bxd7+ Qxd7 5. d4 cxd4 6. Nxd4 Nc6 7. Be3 Nf6
8. Nc3 g6 9. Qd2 Bg7 10. O-O O-O 11. Rad1 Rac8 12. f4 Rfd8 13. Qf2 Ng4 14. Qf3
Nxe3 15. Qxe3 Nxd4 16. Rxd4 Bxd4 17. Qxd4 Qc6 18. Kh1 Qc4 19. Qf2 b5 20. a3 a5
21. Qe1 e6 22. f5 b4 23. axb4 axb4 24. Na4 Qb5 25. fxg6 fxg6 0-1

[Event "18th HZ Open 2014"]
[Site "Vlissingen NED"]
[Date "2014.08.05"]
[Round "5.43"]
[White "Le Clercq, Maxim"]
[Black "Endress, A."]
[Result "0-1"]
[WhiteElo "1893"]
[BlackElo "2137"]
[PlyCount "92"]
[EventDate "2014.08.02"]
[EventType "swiss"]
[EventRounds "9"]
[EventCountry "NED"]
[Source "Mark Crowther"]
[SourceDate "2014.08.11"]

1. e4 c5 2. Nf3 e6 3. d4 cxd4 4. Nxd4 a6 5. Nc3 Qc7 6. Bd3 Nf6 7. O-O Nc6 8.
Nxc6 bxc6 9. Be3 d5 10. f4 Bb7 11. Qe2 Bb4 12. e5 Nd7 13. a3 Be7 14. Qg4 g6 15.
Nb1 c5 16. c3 c4 17. Bc2 Bc5 18. Qe2 Qb6 19. Bxc5 Nxc5 20. Qf2 Rc8 21. Ra2 Bc6
22. Nd2 Ba4 23. Bxa4+ Nxa4 24. Qxb6 Nxb6 25. a4 Nd7 26. Nf3 Rb8 27. Nd4 Nc5 28.
a5 Kd7 29. Rf3 h5 30. g3 Nd3 31. b4 cxb3 32. Nxb3 Rxb3 33. Rxd3 Rc8 34. Kf2
Rcxc3 35. Rxc3 Rxc3 36. Rb2 Kc7 37. h3 Rc5 38. Ra2 Kc6 39. Ke3 Rc3+ 40. Kf2 d4
41. Rb2 Kd5 42. Rb6 Rc6 43. Rb7 Ke4 44. Rb6 Rc2+ 45. Ke1 Ke3 46. Kd1 d3 0-1

[Event "18th HZ Open 2014"]
[Site "Vlissingen NED"]
[Date "2014.08.05"]
[Round "5.44"]
[White "Rosmuller, A."]
[Black "Markus, Gi"]
[Result "1-0"]
[WhiteElo "2104"]
[BlackElo "1815"]
[PlyCount "67"]
[EventDate "2014.08.02"]
[EventType "swiss"]
[EventRounds "9"]
[EventCountry "NED"]
[Source "Mark Crowther"]
[SourceDate "2014.08.11"]

1. d4 Nf6 2. c4 g6 3. Nc3 Bg7 4. e4 d6 5. f3 c6 6. Be3 O-O 7. Qd2 e5 8. d5 c5
9. Nge2 Ne8 10. g4 f5 11. gxf5 gxf5 12. exf5 Bxf5 13. O-O-O Na6 14. Ng3 Qd7 15.
h4 Nb4 16. a3 Na6 17. Be2 Nac7 18. Rdg1 Kh8 19. h5 a6 20. h6 Bf6 21. Nxf5 Qxf5
22. Bd3 e4 23. fxe4 Bxc3 24. Qxc3+ Qf6 25. Qc2 Qf3 26. Bd2 Nf6 27. Bc3 Nce8 28.
Kb1 Rd8 29. Be2 Qe3 30. Bh5 Rg8 31. Rxg8+ Kxg8 32. Qg2+ Kf8 33. Bxf6 Qd3+ 34.
Ka1 1-0

[Event "18th HZ Open 2014"]
[Site "Vlissingen NED"]
[Date "2014.08.05"]
[Round "5.45"]
[White "De Feijter, Niels"]
[Black "De Wolf, J."]
[Result "0-1"]
[WhiteElo "1670"]
[BlackElo "2104"]
[PlyCount "78"]
[EventDate "2014.08.02"]
[EventType "swiss"]
[EventRounds "9"]
[EventCountry "NED"]
[Source "Mark Crowther"]
[SourceDate "2014.08.11"]

1. g3 d5 2. Nf3 c6 3. Bg2 Bf5 4. O-O Nd7 5. d3 h6 6. Nc3 Ngf6 7. Bf4 Bh7 8. Re1
e6 9. a3 Be7 10. Qc1 O-O 11. Bh3 Re8 12. e4 dxe4 13. Nxe4 Nc5 14. Nxf6+ Bxf6
15. Rb1 a5 16. Be5 Nd7 17. Bxf6 Qxf6 18. Qe3 c5 19. Re2 Rac8 20. b4 axb4 21.
axb4 c4 22. Ne1 cxd3 23. Nxd3 Rc3 24. Bg2 b6 25. b5 Nc5 26. Qe5 Nxd3 27. Qxf6
gxf6 28. cxd3 Rxd3 29. Rc1 Red8 30. Ree1 Rb3 31. Bc6 Rd2 32. Re3 Rdb2 33. Rxb3
Rxb3 34. Rd1 Bd3 35. Kg2 Bxb5 36. Bf3 Bd3 37. Rc1 Rb1 38. Rc8+ Kg7 39. Rc7 Bf1+
0-1

[Event "18th HZ Open 2014"]
[Site "Vlissingen NED"]
[Date "2014.08.05"]
[Round "5.46"]
[White "Pruijssers, R."]
[Black "Verkimpe, M."]
[Result "1-0"]
[WhiteElo "2517"]
[BlackElo "1925"]
[PlyCount "53"]
[EventDate "2014.08.02"]
[EventType "swiss"]
[EventRounds "9"]
[EventCountry "NED"]
[Source "Mark Crowther"]
[SourceDate "2014.08.11"]

1. e4 c5 2. Nf3 e6 3. d4 cxd4 4. Nxd4 Nc6 5. Nc3 Qc7 6. f4 a6 7. Nxc6 Qxc6 8.
Bd3 b5 9. Qe2 Bb7 10. Bd2 Bc5 11. O-O-O Ne7 12. a3 O-O 13. Qh5 f5 14. g4 g6 15.
Qg5 d5 16. exf5 exf5 17. Rhe1 d4 18. Rxe7 h6 19. Qxh6 Bxe7 20. gxf5 Bxa3 21.
fxg6 Qd7 22. bxa3 Ra7 23. Ne2 Bf3 24. Rg1 Qe6 25. Nxd4 Qa2 26. Bc3 Rc8 27. g7
1-0

[Event "18th HZ Open 2014"]
[Site "Vlissingen NED"]
[Date "2014.08.05"]
[Round "5.47"]
[White "Beerdsen, Thomas"]
[Black "Hogerhorst, Tony"]
[Result "1-0"]
[WhiteElo "2282"]
[BlackElo "1915"]
[PlyCount "101"]
[EventDate "2014.08.02"]
[EventType "swiss"]
[EventRounds "9"]
[EventCountry "NED"]
[Source "Mark Crowther"]
[SourceDate "2014.08.11"]

1. e4 e5 2. Bc4 Nf6 3. d3 Bc5 4. Nc3 h6 5. Nf3 Nc6 6. Be3 Qe7 7. O-O d6 8. Nd5
Nxd5 9. exd5 Bxe3 10. fxe3 Nb8 11. Bb5+ Bd7 12. c4 O-O 13. Bxd7 Nxd7 14. b4
Rae8 15. Nd2 Qg5 16. Rf3 f5 17. Rg3 Qh4 18. Qe2 Nf6 19. Rf1 Qh5 20. Qe1 Nh7 21.
Nf3 g5 22. Qd1 Re7 23. Nxg5 Qxd1 24. Nxh7+ Kxh7 25. Rxd1 f4 26. Rf3 e4 27. Rxf4
Rxf4 28. exf4 exd3 29. Rxd3 Re4 30. Rc3 Rxf4 31. a3 Kg7 32. c5 dxc5 33. Rxc5
Rf7 34. g4 Kf8 35. Kg2 Ke8 36. Kg3 Kd7 37. Rc3 Kd6 38. Rd3 Ke5 39. Rf3 Rd7 40.
h4 Ke4 41. Rf5 c6 42. dxc6 bxc6 43. Rf4+ Ke5 44. Rf3 Ke4 45. h5 Rd1 46. Rf6
Rg1+ 47. Kh3 Rh1+ 48. Kg2 Rh4 49. Kg3 Rh1 50. Rxh6 Rg1+ 51. Kh4 1-0

[Event "18th HZ Open 2014"]
[Site "Vlissingen NED"]
[Date "2014.08.05"]
[Round "5.48"]
[White "Freer, Glenn"]
[Black "Van Der Heide, Auke"]
[Result "1/2-1/2"]
[WhiteElo "1926"]
[BlackElo "2181"]
[PlyCount "114"]
[EventDate "2014.08.02"]
[EventType "swiss"]
[EventRounds "9"]
[EventCountry "NED"]
[Source "Mark Crowther"]
[SourceDate "2014.08.11"]

1. e4 e6 2. Qe2 c5 3. Nc3 Nc6 4. d3 Nge7 5. g3 d5 6. Bg2 d4 7. Nb1 g6 8. f4 Bg7
9. Nf3 Qa5+ 10. Nbd2 Bd7 11. O-O O-O 12. Nc4 Qc7 13. a4 b6 14. Bd2 a6 15. b3 b5
16. Nb2 Nb4 17. Be1 Rac8 18. Ng5 h6 19. Nh3 f5 20. e5 Ned5 21. Bxb4 Nxb4 22.
Rfc1 Bc6 23. Nf2 Nd5 24. Nfd1 b4 25. Nc4 g5 26. Bxd5 Bxd5 27. Ndb2 gxf4 28.
gxf4 Kh7 29. Kf2 Rg8 30. Rg1 Bh8 31. Qh5 Ba8 32. Nd6 Rcf8 33. Nbc4 Qc6 34. Nd2
Rg2+ 35. Rxg2 Qxg2+ 36. Ke1 Rg8 37. Nf7 Rg6 38. Qh4 Qh1+ 39. Nf1 Bg2 40. Ke2
Bf3+ 41. Ke1 Qg2 42. Qf2 Qh3 43. Ng3 Bg2 44. Kd2 Kg8 45. Nxh8 Kxh8 46. Rg1 Bd5
47. Ne2 Rg4 48. Rg3 Rxg3 49. Qxg3 Qh5 50. h3 Kh7 51. Ng1 Qg6 52. Ne2 Bg2 53. h4
Qg4 54. Qxg4 fxg4 55. Ng3 Kg6 56. Ke1 h5 57. Kd2 Bf3 1/2-1/2

[Event "18th HZ Open 2014"]
[Site "Vlissingen NED"]
[Date "2014.08.05"]
[Round "5.49"]
[White "Maris, Iv"]
[Black "Albrecht, A."]
[Result "1-0"]
[WhiteElo "2178"]
[BlackElo "1903"]
[PlyCount "41"]
[EventDate "2014.08.02"]
[EventType "swiss"]
[EventRounds "9"]
[EventCountry "NED"]
[Source "Mark Crowther"]
[SourceDate "2014.08.11"]

1. Nf3 d5 2. g3 g6 3. Bg2 Bg7 4. O-O Nf6 5. d4 O-O 6. c4 c6 7. Qb3 Nbd7 8. cxd5
cxd5 9. Nc3 Nb6 10. Ne5 Be6 11. a4 a5 12. Nd3 Ne4 13. Nf4 Nxc3 14. bxc3 Rc8 15.
Nxe6 fxe6 16. e4 e5 17. exd5 exd4 18. d6+ Kh8 19. dxe7 Qxe7 20. Qxb6 dxc3 21.
Ba3 1-0

[Event "18th HZ Open 2014"]
[Site "Vlissingen NED"]
[Date "2014.08.05"]
[Round "5.50"]
[White "Gijsen, S."]
[Black "Minnema, Rens"]
[Result "1-0"]
[WhiteElo "2144"]
[BlackElo "1902"]
[PlyCount "133"]
[EventDate "2014.08.02"]
[EventType "swiss"]
[EventRounds "9"]
[EventCountry "NED"]
[Source "Mark Crowther"]
[SourceDate "2014.08.11"]

1. e4 c5 2. Nf3 d6 3. Bb5+ Bd7 4. Bxd7+ Qxd7 5. c4 Nc6 6. d4 cxd4 7. Nxd4 Nf6
8. Nc3 g6 9. Nde2 Bg7 10. f3 Rc8 11. O-O O-O 12. Bg5 h6 13. Bh4 Na5 14. b3 Rfe8
15. Rb1 b6 16. Qd2 Qb7 17. Rbd1 Kh7 18. Qe3 Qc6 19. Kh1 Qc5 20. Qxc5 bxc5 21.
Nd5 g5 22. Bf2 Nc6 23. h4 Nxd5 24. exd5 Ne5 25. f4 Ng4 26. fxg5 hxg5 27. hxg5
Rh8 28. Nf4 Be5 29. Nh3 Kg6 30. Rd3 Bf4 31. Be1 Bxg5 32. Bc3 f6 33. Rg3 Rh4 34.
Be1 Rch8 35. Rff3 f5 36. Bc3 Rf8 37. Kg1 f4 38. Nxg5 Kxg5 39. Bd2 Rf5 40. Rf1
a6 41. a3 Rh8 42. b4 cxb4 43. axb4 Rc8 44. Rc3 Nf6 45. g3 Ne4 46. Bxf4+ Kg4 47.
Rcc1 Nxg3 48. Bxg3 Rxf1+ 49. Kxf1 Kxg3 50. Ke2 Kf4 51. Kd3 Rb8 52. Kc3 Ke5 53.
Re1+ Kf6 54. Ra1 Ra8 55. Ra5 e6 56. dxe6 Kxe6 57. b5 Kd7 58. Rxa6 Rc8 59. Kb4
Rh8 60. Ra7+ Ke6 61. Rc7 Rh1 62. Ka5 Ra1+ 63. Kb6 Rc1 64. Kb7 Rc2 65. b6 Rb2
66. Ka7 Ra2+ 67. Kb8 1-0

[Event "18th HZ Open 2014"]
[Site "Vlissingen NED"]
[Date "2014.08.06"]
[Round "6.2"]
[White "Zelbel, P."]
[Black "Fedorchuk, S."]
[Result "0-1"]
[WhiteElo "2410"]
[BlackElo "2665"]
[PlyCount "76"]
[EventDate "2014.08.02"]
[EventType "swiss"]
[EventRounds "9"]
[EventCountry "NED"]
[Source "Mark Crowther"]
[SourceDate "2014.08.11"]

1. e4 c5 2. c3 d5 3. exd5 Qxd5 4. Nf3 Nf6 5. Na3 e6 6. d4 Nc6 7. Be3 cxd4 8.
Nb5 Qd7 9. Nbxd4 Nd5 10. Bd3 Bd6 11. Qc2 h6 12. O-O-O a6 13. Be4 Nxe3 14. fxe3
Ne7 15. g4 Qc7 16. Qd3 Bc5 17. Nb3 Bb6 18. Kb1 Bd7 19. c4 Rd8 20. Qc3 O-O 21.
g5 h5 22. Ne5 Ba4 23. Rxd8 Rxd8 24. Rf1 Bxb3 25. axb3 Ba5 26. b4 Bxb4 27. Qxb4
Qxe5 28. Qxe7 Qxe4+ 29. Ka1 Rf8 30. g6 Qxg6 31. Qxb7 Qc2 32. Qc7 Qe2 33. Rc1
Qxe3 34. Rc3 Qd4 35. c5 Rd8 36. Qa5 Qd1+ 37. Ka2 Rd4 38. b3 Qd2+ 0-1

[Event "18th HZ Open 2014"]
[Site "Vlissingen NED"]
[Date "2014.08.06"]
[Round "6.3"]
[White "Krasenkow, M."]
[Black "Venkatesh, M."]
[Result "1-0"]
[WhiteElo "2628"]
[BlackElo "2503"]
[PlyCount "77"]
[EventDate "2014.08.02"]
[EventType "swiss"]
[EventRounds "9"]
[EventCountry "NED"]
[Source "Mark Crowther"]
[SourceDate "2014.08.11"]

1. d4 d5 2. c4 Nc6 3. Nc3 dxc4 4. d5 Ne5 5. Qd4 Ng6 6. Qxc4 a6 7. Qb3 Nf6 8. g3
b5 9. Bg2 e5 10. dxe6 Bxe6 11. Qc2 Nd5 12. Nf3 Nxc3 13. Qxc3 c5 14. O-O Ra7 15.
Be3 b4 16. Qc2 Be7 17. h4 Qb6 18. h5 Nf8 19. Ne5 Rc7 20. Bf4 Nd7 21. Nc4 Bxc4
22. Bxc7 Qe6 23. Be4 g6 24. Bf3 O-O 25. b3 Bb5 26. hxg6 hxg6 27. Kg2 Nf6 28.
Rh1 Rc8 29. Bf4 c4 30. bxc4 Bxc4 31. Qb2 a5 32. Rac1 Bf8 33. Qd4 Bg7 34. Be5
Ne8 35. Bxg7 Nxg7 36. Rh4 Bxa2 37. Rch1 f5 38. Rh8+ Kf7 39. R1h7 1-0

[Event "18th HZ Open 2014"]
[Site "Vlissingen NED"]
[Date "2014.08.06"]
[Round "6.4"]
[White "Hausrath, D."]
[Black "Ikonnikov, Vy"]
[Result "1/2-1/2"]
[WhiteElo "2530"]
[BlackElo "2551"]
[PlyCount "23"]
[EventDate "2014.08.02"]
[EventType "swiss"]
[EventRounds "9"]
[EventCountry "NED"]
[Source "Mark Crowther"]
[SourceDate "2014.08.11"]

1. Nf3 c5 2. c4 Nc6 3. g3 e5 4. Nc3 g6 5. Bg2 Bg7 6. d3 d6 7. Nd2 Nge7 8. Nf1
O-O 9. Ne3 Rb8 10. O-O a6 11. a4 a5 12. Ned5 1/2-1/2

[Event "18th HZ Open 2014"]
[Site "Vlissingen NED"]
[Date "2014.08.06"]
[Round "6.5"]
[White "Van den Doel, E."]
[Black "Piceu, T."]
[Result "1-0"]
[WhiteElo "2554"]
[BlackElo "2330"]
[PlyCount "79"]
[EventDate "2014.08.02"]
[EventType "swiss"]
[EventRounds "9"]
[EventCountry "NED"]
[Source "Mark Crowther"]
[SourceDate "2014.08.11"]

1. e4 c5 2. Nf3 d6 3. d4 cxd4 4. Nxd4 Nf6 5. Nc3 a6 6. g3 e5 7. Nb3 Be7 8. Bg2
O-O 9. O-O Be6 10. a4 Nc6 11. Nd5 Rc8 12. a5 Bxd5 13. exd5 Nd4 14. c3 Nxb3 15.
Qxb3 Qc7 16. Ra4 Nd7 17. Be3 f5 18. Rb4 Nc5 19. Bxc5 Qxc5 20. Rxb7 Bd8 21. Qa4
e4 22. Qd7 Rc7 23. Qe6+ Kh8 24. Rb8 h6 25. b4 Qxc3 26. Qxd6 Qf6 27. Qxf6 gxf6
28. Rd1 Be7 29. Rb6 Rd8 30. Bf1 Rd6 31. Bxa6 Rc2 32. Rb8+ Kg7 33. Bc8 f4 34.
gxf4 f5 35. Bxf5 Rf6 36. Rb7 Kf8 37. Bxe4 Rc4 38. d6 Bxd6 39. Bg2 Rxb4 40. Rxd6
1-0

[Event "18th HZ Open 2014"]
[Site "Vlissingen NED"]
[Date "2014.08.06"]
[Round "6.6"]
[White "Romanishin, O."]
[Black "Dijkhuis, Tycho"]
[Result "1/2-1/2"]
[WhiteElo "2509"]
[BlackElo "2327"]
[PlyCount "88"]
[EventDate "2014.08.02"]
[EventType "swiss"]
[EventRounds "9"]
[EventCountry "NED"]
[Source "Mark Crowther"]
[SourceDate "2014.08.11"]

1. Nf3 Nf6 2. g3 g6 3. Bg2 c5 4. O-O Bg7 5. d4 cxd4 6. Nxd4 Nc6 7. c4 O-O 8.
Nc3 Qa5 9. e3 d6 10. h3 Bd7 11. Qe2 Rac8 12. Bd2 Qb6 13. Nxc6 Bxc6 14. b3 Bxg2
15. Kxg2 e6 16. Rac1 d5 17. cxd5 Nxd5 18. Nxd5 exd5 19. Qd3 Qe6 20. Bb4 Rfd8
21. Rfd1 Bf6 22. Bc3 d4 23. Bxd4 Rxc1 24. Rxc1 Bxd4 25. exd4 Qd5+ 26. Kg1 Qxd4
27. Qxd4 Rxd4 28. Rc7 Rd2 29. a4 b6 30. Rxa7 Rb2 31. Rb7 Rxb3 32. a5 b5 33. a6
Ra3 34. a7 Kg7 35. Kf1 Ra2 36. Ke1 b4 37. Kd1 b3 38. Kc1 h5 39. f4 Kf6 40. Kb1
Kg7 41. g4 hxg4 42. hxg4 g5 43. f5 Kf6 44. Rc7 Kg7 1/2-1/2

[Event "18th HZ Open 2014"]
[Site "Vlissingen NED"]
[Date "2014.08.06"]
[Round "6.7"]
[White "Semcesen, D."]
[Black "Timmermans, M."]
[Result "1/2-1/2"]
[WhiteElo "2489"]
[BlackElo "2320"]
[PlyCount "83"]
[EventDate "2014.08.02"]
[EventType "swiss"]
[EventRounds "9"]
[EventCountry "NED"]
[Source "Mark Crowther"]
[SourceDate "2014.08.11"]

1. d4 Nf6 2. c4 e6 3. Nc3 Bb4 4. a3 Bxc3+ 5. bxc3 Ne4 6. Qc2 f5 7. Nh3 O-O 8.
f3 Nd6 9. e4 fxe4 10. Bg5 Qe8 11. fxe4 e5 12. c5 Nf7 13. Bc4 d6 14. cxd6 cxd6
15. Be3 Be6 16. Be2 exd4 17. cxd4 Nd7 18. Nf2 Rc8 19. Qa4 a6 20. O-O Nf6 21.
Qxe8 Rfxe8 22. Rac1 b5 23. Bf3 h6 24. h4 Rxc1 25. Rxc1 Bf5 26. Rc6 Nxe4 27.
Rxa6 Nc3 28. Ra8 Rxa8 29. Bxa8 Be6 30. Bf3 Bd5 31. Bg4 Nd8 32. Nd1 Nxd1 33.
Bxd1 Bc4 34. Kf2 Kf7 35. Ke1 Ne6 36. Kd2 Nc7 37. Bf4 Ke7 38. g4 Nd5 39. Bg3 g5
40. Bf3 Nf6 41. hxg5 hxg5 42. Be1 1/2-1/2